Κατάλογος Βιβλιοθηκών Mediterranean College

Ο Δρόμος της Αυτοεξάρτησης / Φύλλα Πορείας Ι (Record no. 3258)

MARC details
000 -LEADER
fixed length control field 01339cam a22001934a 4500
005 - ΗΜΕΡΟΜΗΝΙΑ ΚΑΙ ΩΡΑ ΤΕΛΕΥΤΑΙΑΣ ΕΝΗΜΕΡΩΣΗΣ
Πεδίο ελέγχου 20250605164110.0
008 - FIXED-LENGTH DATA ELEMENTS--GENERAL INFORMATION
Πεδίο ελέγχου σταθερού μήκους 250528s ||||||||||||||||||||||||d
035 ## - SYSTEM CONTROL NUMBER
System control number 17858
020 ## - ISBN
ISBN 9789608397293
040 ## - ΠΗΓΗ ΚΑΤΑΛΟΓΟΓΡΑΦΗΣΗΣ
Φορέας πρωτότυπης καταλογογράφησης MC Athens Campus Library
Γλώσσα καταλογογράφησης Ελληνικά, Μοντέρνα (1453-)
Modifying agency MC Athens Campus Library
Κανόνες περιγραφικής καταλογογράφησης AACR2
245 1# - ΤΙΤΛΟΣ ΚΑΙ ΔΗΛΩΣΗ ΥΠΕΥΘΥΝΟΤΗΤΑΣ
Τίτλος Ο Δρόμος της Αυτοεξάρτησης / Φύλλα Πορείας Ι
260 ## - PUBLICATION, DISTRIBUTION, ETC.
Name of publisher, distributor, etc. Opera Animus,
Date of publication, distribution, etc. 2013
300 ## - PHYSICAL DESCRIPTION
Extent 168
520 ## - SUMMARY, ETC.
Summary, etc. Το παρόν βιβλίο καθοδηγεί τον αναγνώστη σε μια συζήτηση φιλική, θεραπευτική, καθόλου θεωρητική, με μεγάλη πρακτική αξία, όπου, χωρίς να προτείνει λύσεις, βοηθάει να βρεθούν. Εισαγωγή, Η Αλληγορία της Άμαξας, Κατάσταση (Διάφορα Είδη Εξάρτησης), Προέλευση (Ιστορία της Εξάρτησης μας), Σημασία (Σχετικά με την Αυτοεξάρτηση), Συνθήκη (Η Αγάπη για τον Εαυτό μας), Εφοδιασμός (Διάκριση και Πόροι), Απόφαση (Η Κατάκτηση της Αυτονομίας), Πέρασμα (Τέρμα του Δρόμου).
700 1# - ΠΡΟΣΘΕΤΗ ΑΝΑΓΡΑΦΗ--ΦΥΣΙΚΟ ΠΡΟΣΩΠΟ
Personal name Μπουκάι Χόρχε
9 (RLIN) 4143
942 ## - ADDED ENTRY ELEMENTS (KOHA)
Koha item type Books
Holdings
Τύπος τεκμηρίου Βιβλιοθήκη Τρέχουσα τοποθεσία Barcode Αριθμός εισαγωγής Ημερομηνία απόκτησης Ταξιθετικό σύμβολο Αριθμός αντιτύπου Κατάσταση απόσυρσης Κατάσταση χαμένου Κατάσταση κατεστραμμένου Μη δανεισμός Σύνολο δανεισμών Ημερομηνία τελευταίας εμφάνισης Χρονολογία τελευταίου δανεισμού Η τιμή ισχύει από
Books MC Athens Campus Library MC Athens Campus Library 9780000032577 7325 05/06/2025 158.1 BUC 1         1 20/10/2025 06/10/2025 05/06/2025

MC Athens Campus Library
Πατησίων 94 & Κοδριγκτώνος 13, 104 34
Πελλήνης 8 & Πατησίων 107, 112 51
Τ: +30 210 8899600

MC Thessaloniki Campus Library
Ίωνος Δραγούμη 21, 54625 | Ίωνος Δραγούμη 15, 54625
Τ: +30 2310 287779 – Τ: +30 2314 440300